书目信息 |
| 题名: |
分离工程
|
|
| 作者: | 张顺泽 , 刘丽华 主编 | |
| 分册: | ||
| 出版信息: | 徐州 中国矿业大学出版社 2011.10 |
|
| 页数: | 323页 | |
| 开本: | 28cm | |
| 丛书名: | ||
| 单 册: | ||
| 中图分类: | TQ028 | |
| 科图分类: | ||
| 主题词: | 化工过程:物理过程 , 化工过程:物理化学过程 , 化工过程 | |
| 电子资源: | ||
| ISBN: | 7-5646-1184-7 | |
| 000 | 00646nam0 2200217 450 | |
| 001 | 1639301823 | |
| 005 | 20201029095535.07 | |
| 010 | @a7-5646-1184-7@dCNY33.00 | |
| 100 | @a20161012d2011 km y0chiy0120 ea | |
| 101 | 0 | @achi |
| 200 | 1 | @a分离工程@Afen li gong cheng@f张顺泽,刘丽华主编@Fzhang shun ze,liu li hua zhu bian |
| 210 | @a徐州@c中国矿业大学出版社@d2011.10 | |
| 215 | @a323页@d28cm | |
| 606 | 0 | @a化工过程:物理过程 |
| 606 | 0 | @a化工过程:物理化学过程 |
| 606 | 0 | @a化工过程 |
| 690 | @aTQ028@v4 | |
| 701 | 0 | @a张顺泽@Azhang shun ze@4主编 |
| 701 | 0 | @a刘丽华@Aliu li hua@4主编 |
| 801 | 0 | @aCN@bMUSE@c20161012 |
| 905 | @aMUSE@dTQ028@eZ179 | |
| 分离工程/张顺泽,刘丽华主编.-徐州:中国矿业大学出版社,2011.10 |
| 323页;28cm |
| ISBN 7-5646-1184-7:CNY33.00 |
| ● |
| 相关链接 |
|
|
|
正题名:分离工程
索取号:TQ028/Z179
 
预约/预借
| 序号 | 登录号 | 条形码 | 馆藏地/架位号 | 状态 | 备注 |
| 1 | 0987029 | 209870291 | 自科库501/501自科库 137排9列5层/ [索取号:TQ028/Z179] | 在馆 | |
| 2 | 1238745 | 212387451 | 城院文库/ [索取号:TQ028/Z179] | 在馆 | |
| 3 | 1453629 | 214536297 | 自科库501/501自科库 137排9列5层/ [索取号:TQ028/Z179] | 在馆 | |
| 4 | 1453630 | 214536304 | 自科二线504/501自科库 137排9列5层/ [索取号:TQ028/Z179] | 在馆 | |
| 5 | 1453631 | 214536313 | 期刊室512/501自科库 137排9列5层/ [索取号:TQ028/Z179] | 在馆 | |
| 6 | 1453632 | 214536322 | 期刊室512/501自科库 137排9列5层/ [索取号:TQ028/Z179] | 在馆 | |
| 7 | 1453685 | 214536858 | 期刊室512/501自科库 137排9列5层/ [索取号:TQ028/Z179] | 在馆 | |
| 8 | 1453686 | 214536867 | 期刊室512/501自科库 137排9列5层/ [索取号:TQ028/Z179] | 在馆 | |
| 9 | 1499129 | 214991295 | 期刊室512/501自科库 137排9列5层/ [索取号:TQ028/Z179] | 在馆 | |
| 10 | 1499130 | 214991302 | 期刊室512/501自科库 137排9列5层/ [索取号:TQ028/Z179] | 在馆 | |
| 11 | 1499131 | 214991311 | 期刊室512/501自科库 137排9列5层/ [索取号:TQ028/Z179] | 在馆 | |
| 12 | 1499132 | 214991320 | 期刊室512/501自科库 137排9列5层/ [索取号:TQ028/Z179] | 在馆 | |
| 13 | 1500467 | 215004670 | 城院文库/ [索取号:TQ028/Z179] | 在馆 | |
| 14 | 1500468 | 215004689 | 期刊室512/501自科库 137排9列5层/ [索取号:TQ028/Z179] | 在馆 | |
| 15 | 1500469 | 215004698 | 自科二线504/501自科库 137排9列5层/ [索取号:TQ028/Z179] | 在馆 | |
| 16 | 1500470 | 215004705 | 自科二线504/501自科库 137排9列5层/ [索取号:TQ028/Z179] | 在馆 | |
| 17 | 1500471 | 215004714 | 期刊室512/501自科库 137排9列5层/ [索取号:TQ028/Z179] | 在馆 | |
| 18 | 1500472 | 215004723 | 期刊室512/ [索取号:TQ028/Z179] | 在馆 | |
| 19 | 1500473 | 215004732 | 自科二线504/501自科库 137排9列5层/ [索取号:TQ028/Z179] | 在馆 | |
| 20 | 1500474 | 215004741 | 期刊室512/ [索取号:TQ028/Z179] | 在馆 | |
| 21 | 1500475 | 215004750 | 期刊室512/400A自科库 14排2列6层/ [索取号:TQ028/Z179] | 在馆 | |
| 22 | 1500476 | 215004769 | 期刊室512/501自科库 137排9列5层/ [索取号:TQ028/Z179] | 在馆 | |
| 23 | 1500477 | 215004778 | 自科二线504/501自科库 137排9列5层/ [索取号:TQ028/Z179] | 在馆 |